000 00648nam a2200229Ia 4500
003 OSt
005 20220923230341.0
006 a|||||r|||| 00| 0
007 ta
008 Pun
024 _a279,720
037 _cTextual
040 _aARTS
_cARTS
_bPun
041 _2Pun
_aPun
082 _aO153,1NKNEx, L8
100 _aਕਨੇਚਵੀ, Fੇਰ ਜੋਗ
_9168998
245 0 _aਕਬਰਾਂ ਵਿੱਚ ਉੱਠੀਆਂ ਬਾਹਵਾਂ
260 _c1978
650 _aਪੰਜਾਬੀ ਸਾਹਿਤ
942 _hO153,1NKNEx, L8
_cTEXL
_2CC
999 _c384187
_d384187